<?xml version="1.0" encoding="UTF-8"?>
<record
    xmlns:xsi="http://www.w3.org/2001/XMLSchema-instance"
    xsi:schemaLocation="http://www.loc.gov/MARC21/slim http://www.loc.gov/standards/marcxml/schema/MARC21slim.xsd"
    xmlns="http://www.loc.gov/MARC21/slim">

  <leader>02587 am a2200565 a 4500</leader>
  <controlfield tag="005">20240530122830.0</controlfield>
  <controlfield tag="008">110329s2009||||sp a   f |||| 001 0 spa d</controlfield>
  <datafield tag="020" ind1=" " ind2=" ">
    <subfield code="a">9788498351491</subfield>
  </datafield>
  <datafield tag="041" ind1=" " ind2=" ">
    <subfield code="a">spa</subfield>
  </datafield>
  <datafield tag="092" ind1=" " ind2=" ">
    <subfield code="c">616.0757</subfield>
    <subfield code="l">53</subfield>
    <subfield code="s">M&#xD6;L</subfield>
  </datafield>
  <datafield tag="100" ind1="1" ind2=" ">
    <subfield code="a">M&#xF6;ller, Torsten B.</subfield>
    <subfield code="9">2</subfield>
  </datafield>
  <datafield tag="245" ind1=" " ind2=" ">
    <subfield code="a">Atlas de bolsillo de Cortes Anat&#xF3;micos. Tomograf&#xED;a Computarizada y Resonancia Magn&#xE9;tica.  </subfield>
    <subfield code="b">T.2 T&#xF3;rax, Coraz&#xF3;n, Abdomen y Pelvis /</subfield>
    <subfield code="c">Torsten B. M&#xF6;ller</subfield>
  </datafield>
  <datafield tag="250" ind1=" " ind2=" ">
    <subfield code="a">3a ed. revisada y actualizada.</subfield>
  </datafield>
  <datafield tag="260" ind1=" " ind2=" ">
    <subfield code="a">Madrid: </subfield>
    <subfield code="b">Editorial M&#xE9;dica Panamericana;</subfield>
    <subfield code="c">2009.</subfield>
  </datafield>
  <datafield tag="300" ind1=" " ind2=" ">
    <subfield code="a">264 p.</subfield>
    <subfield code="b">443 ilustraciones</subfield>
  </datafield>
  <datafield tag="500" ind1=" " ind2=" ">
    <subfield code="a">M&#xF6;ller, T. B. y Reif, E. (2010). Atlas de bolsillo de cortes anat&#xF3;micos. Tomograf&#xED;a computarizada y resonancia magn&#xE9;tica. T.2 T&#xF3;rax - Coraz&#xF3;n - Abdomen y Pelvis. (3a ed.). Madrid : Editorial M&#xE9;dica Panamericana</subfield>
  </datafield>
  <datafield tag="590" ind1=" " ind2=" ">
    <subfield code="a">Compra FACIMED 2011</subfield>
  </datafield>
  <datafield tag="653" ind1=" " ind2=" ">
    <subfield code="a">TC del t&#xF3;rax: axial</subfield>
  </datafield>
  <datafield tag="653" ind1=" " ind2=" ">
    <subfield code="a">RM del t&#xF3;rax: sagital</subfield>
  </datafield>
  <datafield tag="653" ind1=" " ind2=" ">
    <subfield code="a">RM del t&#xF3;rax: coronal</subfield>
  </datafield>
  <datafield tag="653" ind1=" " ind2=" ">
    <subfield code="a">TC del coraz&#xF3;n: angiograf&#xED;a por TC</subfield>
  </datafield>
  <datafield tag="653" ind1=" " ind2=" ">
    <subfield code="a">TRM del coraz&#xF3;n: vista de dos c&#xE1;maras del ventr&#xED;culo izquierdo</subfield>
  </datafield>
  <datafield tag="653" ind1=" " ind2=" ">
    <subfield code="a">TRM del coraz&#xF3;n: vista de cuatro c&#xE1;maras del ventr&#xED;culo izquierdo</subfield>
  </datafield>
  <datafield tag="653" ind1=" " ind2=" ">
    <subfield code="a">TRM del coraz&#xF3;n: vista de eje corto</subfield>
  </datafield>
  <datafield tag="653" ind1=" " ind2=" ">
    <subfield code="a">TRM del coraz&#xF3;n: tractos de entrada del flujo del ventr&#xED;culo izquierdo</subfield>
  </datafield>
  <datafield tag="653" ind1=" " ind2=" ">
    <subfield code="a">TRM del coraz&#xF3;n: tracto de salida del flujo del ventr&#xED;culo izquierdo</subfield>
  </datafield>
  <datafield tag="653" ind1=" " ind2=" ">
    <subfield code="a">TRM del coraz&#xF3;n: vista de dos c&#xE1;maras del ventr&#xED;culo derecho</subfield>
  </datafield>
  <datafield tag="653" ind1=" " ind2=" ">
    <subfield code="a">TRM del coraz&#xF3;n: tracto de salida del flujo del ventr&#xED;culo derecho</subfield>
  </datafield>
  <datafield tag="653" ind1=" " ind2=" ">
    <subfield code="a">Aorta: angiograf&#xED;a por RM</subfield>
  </datafield>
  <datafield tag="653" ind1=" " ind2=" ">
    <subfield code="a">Vasos pulmonares: angiograf&#xED;a por RM</subfield>
  </datafield>
  <datafield tag="653" ind1=" " ind2=" ">
    <subfield code="a">RM: mamograf&#xED;a: axial</subfield>
  </datafield>
  <datafield tag="653" ind1=" " ind2=" ">
    <subfield code="a">TC del abdomen: axial</subfield>
  </datafield>
  <datafield tag="653" ind1=" " ind2=" ">
    <subfield code="a">RM del abdomen: sagital</subfield>
  </datafield>
  <datafield tag="653" ind1=" " ind2=" ">
    <subfield code="a">RM del abdomen: coronal</subfield>
  </datafield>
  <datafield tag="653" ind1=" " ind2=" ">
    <subfield code="a">Arteria renal: angiograf&#xED;a por RM</subfield>
  </datafield>
  <datafield tag="653" ind1=" " ind2=" ">
    <subfield code="a">Angiograf&#xED;a por RM del tronco cel&#xED;aco: angiograf&#xED;a por RM</subfield>
  </datafield>
  <datafield tag="653" ind1=" " ind2=" ">
    <subfield code="a">Angiograf&#xED;a por RM de venas espl&#xE9;nicas y porta: angiograf&#xED;a por RM</subfield>
  </datafield>
  <datafield tag="653" ind1=" " ind2=" ">
    <subfield code="a">Colangiopancreatograf&#xED;a por RM</subfield>
  </datafield>
  <datafield tag="653" ind1=" " ind2=" ">
    <subfield code="a">RM de pelvis femenina: axial</subfield>
  </datafield>
  <datafield tag="653" ind1=" " ind2=" ">
    <subfield code="a">RM de pelvis femenina: sagital</subfield>
  </datafield>
  <datafield tag="653" ind1=" " ind2=" ">
    <subfield code="a">RM de pelvis femenina: coronal</subfield>
  </datafield>
  <datafield tag="653" ind1=" " ind2=" ">
    <subfield code="a">RM de pelvis masculina: sagital</subfield>
  </datafield>
  <datafield tag="653" ind1=" " ind2=" ">
    <subfield code="a">RM de pelvis masculina: coronal</subfield>
  </datafield>
  <datafield tag="653" ind1=" " ind2=" ">
    <subfield code="a">RM de pr&#xF3;stata: axial</subfield>
  </datafield>
  <datafield tag="653" ind1=" " ind2=" ">
    <subfield code="a">RM de los test&#xED;culos: sagital</subfield>
  </datafield>
  <datafield tag="653" ind1=" " ind2=" ">
    <subfield code="a">Angiograf&#xED;a por RM de las extremidades inferiores: angiograf&#xED;a por RM</subfield>
  </datafield>
  <datafield tag="700" ind1="1" ind2=" ">
    <subfield code="a">Reif, Emil.</subfield>
    <subfield code="9">3</subfield>
  </datafield>
  <datafield tag="930" ind1=" " ind2=" ">
    <subfield code="a">2209</subfield>
  </datafield>
  <datafield tag="942" ind1=" " ind2=" ">
    <subfield code="2">ddc</subfield>
    <subfield code="c">BK</subfield>
    <subfield code="0">14</subfield>
  </datafield>
  <datafield tag="999" ind1=" " ind2=" ">
    <subfield code="c">810</subfield>
    <subfield code="d">810</subfield>
  </datafield>
  <datafield tag="952" ind1=" " ind2=" ">
    <subfield code="0">0</subfield>
    <subfield code="1">0</subfield>
    <subfield code="2">ddc</subfield>
    <subfield code="4">0</subfield>
    <subfield code="7">0</subfield>
    <subfield code="8">REF</subfield>
    <subfield code="a">BFM</subfield>
    <subfield code="b">BFM</subfield>
    <subfield code="c">REF</subfield>
    <subfield code="d">2011-05-13</subfield>
    <subfield code="l">41</subfield>
    <subfield code="m">2</subfield>
    <subfield code="o">616.0757 53 MOL</subfield>
    <subfield code="p">2208</subfield>
    <subfield code="r">2024-09-23</subfield>
    <subfield code="s">2024-09-20</subfield>
    <subfield code="t">ej.1</subfield>
    <subfield code="w">2011-05-13</subfield>
    <subfield code="y">REF</subfield>
    <subfield code="z">LIBRO DE CONSULTA</subfield>
  </datafield>
  <datafield tag="952" ind1=" " ind2=" ">
    <subfield code="0">0</subfield>
    <subfield code="1">0</subfield>
    <subfield code="2">ddc</subfield>
    <subfield code="4">0</subfield>
    <subfield code="7">0</subfield>
    <subfield code="a">BFM</subfield>
    <subfield code="b">BFM</subfield>
    <subfield code="c">CR</subfield>
    <subfield code="d">2011-05-13</subfield>
    <subfield code="l">134</subfield>
    <subfield code="m">16</subfield>
    <subfield code="o">616.0757 53 MOL</subfield>
    <subfield code="p">2209</subfield>
    <subfield code="r">2025-09-19</subfield>
    <subfield code="s">2025-09-11</subfield>
    <subfield code="t">ej.2</subfield>
    <subfield code="w">2011-05-13</subfield>
    <subfield code="y">BK</subfield>
  </datafield>
  <datafield tag="952" ind1=" " ind2=" ">
    <subfield code="0">0</subfield>
    <subfield code="1">0</subfield>
    <subfield code="2">ddc</subfield>
    <subfield code="4">0</subfield>
    <subfield code="7">0</subfield>
    <subfield code="a">BFM</subfield>
    <subfield code="b">BFM</subfield>
    <subfield code="c">CR</subfield>
    <subfield code="d">2011-06-29</subfield>
    <subfield code="l">167</subfield>
    <subfield code="m">10</subfield>
    <subfield code="o">616.0757 53 MOL</subfield>
    <subfield code="p">2344</subfield>
    <subfield code="r">2025-09-16</subfield>
    <subfield code="s">2025-09-09</subfield>
    <subfield code="t">ej.3</subfield>
    <subfield code="w">2011-06-29</subfield>
    <subfield code="y">BK</subfield>
  </datafield>
  <datafield tag="952" ind1=" " ind2=" ">
    <subfield code="0">0</subfield>
    <subfield code="1">0</subfield>
    <subfield code="2">ddc</subfield>
    <subfield code="4">0</subfield>
    <subfield code="7">0</subfield>
    <subfield code="a">BFM</subfield>
    <subfield code="b">BFM</subfield>
    <subfield code="c">CR</subfield>
    <subfield code="d">2011-06-29</subfield>
    <subfield code="l">119</subfield>
    <subfield code="m">8</subfield>
    <subfield code="o">616.0757 53 MOL</subfield>
    <subfield code="p">2371</subfield>
    <subfield code="r">2025-09-16</subfield>
    <subfield code="s">2025-09-02</subfield>
    <subfield code="t">ej.4</subfield>
    <subfield code="w">2011-06-29</subfield>
    <subfield code="y">BK</subfield>
  </datafield>
  <datafield tag="952" ind1=" " ind2=" ">
    <subfield code="0">0</subfield>
    <subfield code="1">0</subfield>
    <subfield code="2">ddc</subfield>
    <subfield code="4">0</subfield>
    <subfield code="7">0</subfield>
    <subfield code="a">BFM</subfield>
    <subfield code="b">BFM</subfield>
    <subfield code="c">CR</subfield>
    <subfield code="d">2011-07-06</subfield>
    <subfield code="l">162</subfield>
    <subfield code="m">16</subfield>
    <subfield code="o">616.0757 53 MOL</subfield>
    <subfield code="p">2408</subfield>
    <subfield code="r">2026-03-05</subfield>
    <subfield code="s">2025-12-16</subfield>
    <subfield code="t">ej.5</subfield>
    <subfield code="w">2011-07-06</subfield>
    <subfield code="y">BK</subfield>
  </datafield>
  <datafield tag="952" ind1=" " ind2=" ">
    <subfield code="0">0</subfield>
    <subfield code="1">0</subfield>
    <subfield code="2">ddc</subfield>
    <subfield code="4">0</subfield>
    <subfield code="7">1</subfield>
    <subfield code="a">BFM</subfield>
    <subfield code="b">BFM</subfield>
    <subfield code="c">CR</subfield>
    <subfield code="d">2011-09-07</subfield>
    <subfield code="l">15</subfield>
    <subfield code="o">616.0757 53 MOL</subfield>
    <subfield code="p">TR113</subfield>
    <subfield code="r">2016-09-15</subfield>
    <subfield code="s">2016-09-13</subfield>
    <subfield code="t">Copia</subfield>
    <subfield code="w">2011-09-07</subfield>
    <subfield code="y">BK</subfield>
    <subfield code="z">Baja Mayo 2022. Fotocopia. Hemeroteca 2022</subfield>
    <subfield code="f"></subfield>
  </datafield>
  <datafield tag="952" ind1=" " ind2=" ">
    <subfield code="0">0</subfield>
    <subfield code="1">0</subfield>
    <subfield code="2">ddc</subfield>
    <subfield code="4">0</subfield>
    <subfield code="7">0</subfield>
    <subfield code="a">BFM</subfield>
    <subfield code="b">BFM</subfield>
    <subfield code="c">CR</subfield>
    <subfield code="d">2012-06-05</subfield>
    <subfield code="e">Proyecto PROMED</subfield>
    <subfield code="l">115</subfield>
    <subfield code="m">8</subfield>
    <subfield code="o">616.0757 53 MOL</subfield>
    <subfield code="p">2505</subfield>
    <subfield code="r">2025-08-07</subfield>
    <subfield code="s">2025-07-03</subfield>
    <subfield code="t">ej.6</subfield>
    <subfield code="w">2012-06-05</subfield>
    <subfield code="y">BK</subfield>
    <subfield code="z">Proyecto PROMED</subfield>
  </datafield>
  <datafield tag="952" ind1=" " ind2=" ">
    <subfield code="0">0</subfield>
    <subfield code="1">0</subfield>
    <subfield code="2">ddc</subfield>
    <subfield code="4">0</subfield>
    <subfield code="7">0</subfield>
    <subfield code="a">BFM</subfield>
    <subfield code="b">BFM</subfield>
    <subfield code="c">CR</subfield>
    <subfield code="d">2012-06-05</subfield>
    <subfield code="e">Proyecto PROMED</subfield>
    <subfield code="l">101</subfield>
    <subfield code="m">10</subfield>
    <subfield code="o">616.0757 53 MOL</subfield>
    <subfield code="p">2508</subfield>
    <subfield code="q">2026-06-09</subfield>
    <subfield code="r">2026-05-28</subfield>
    <subfield code="s">2026-05-28</subfield>
    <subfield code="t">ej.7</subfield>
    <subfield code="w">2012-06-05</subfield>
    <subfield code="y">BK</subfield>
    <subfield code="z">Proyecto PROMED</subfield>
  </datafield>
  <datafield tag="952" ind1=" " ind2=" ">
    <subfield code="0">0</subfield>
    <subfield code="1">0</subfield>
    <subfield code="2">ddc</subfield>
    <subfield code="4">0</subfield>
    <subfield code="7">0</subfield>
    <subfield code="a">BFM</subfield>
    <subfield code="b">BFM</subfield>
    <subfield code="c">CR</subfield>
    <subfield code="d">2012-06-05</subfield>
    <subfield code="e">Proyecto PROMED</subfield>
    <subfield code="l">137</subfield>
    <subfield code="m">10</subfield>
    <subfield code="o">616.0757 53 MOL</subfield>
    <subfield code="p">2511</subfield>
    <subfield code="r">2025-09-18</subfield>
    <subfield code="s">2025-09-10</subfield>
    <subfield code="t">ej.8</subfield>
    <subfield code="w">2012-06-05</subfield>
    <subfield code="y">BK</subfield>
    <subfield code="z">Proyecto PROMED</subfield>
  </datafield>
  <datafield tag="952" ind1=" " ind2=" ">
    <subfield code="0">0</subfield>
    <subfield code="1">0</subfield>
    <subfield code="2">ddc</subfield>
    <subfield code="4">0</subfield>
    <subfield code="7">0</subfield>
    <subfield code="8">NFIC</subfield>
    <subfield code="a">BFM</subfield>
    <subfield code="b">BFM</subfield>
    <subfield code="c">CR</subfield>
    <subfield code="d">2013-03-07</subfield>
    <subfield code="e">Presupuesto UNCo</subfield>
    <subfield code="g">0.00</subfield>
    <subfield code="l">100</subfield>
    <subfield code="m">15</subfield>
    <subfield code="o">616.0757 53 MOL</subfield>
    <subfield code="p">2749</subfield>
    <subfield code="r">2025-07-21</subfield>
    <subfield code="s">2025-06-25</subfield>
    <subfield code="t">Ej. 9</subfield>
    <subfield code="w">2013-03-07</subfield>
    <subfield code="y">BK</subfield>
    <subfield code="z">Presupuesto Unco</subfield>
  </datafield>
  <datafield tag="952" ind1=" " ind2=" ">
    <subfield code="0">0</subfield>
    <subfield code="1">0</subfield>
    <subfield code="2">ddc</subfield>
    <subfield code="4">0</subfield>
    <subfield code="7">0</subfield>
    <subfield code="8">NFIC</subfield>
    <subfield code="a">BFM</subfield>
    <subfield code="b">BFM</subfield>
    <subfield code="c">CR</subfield>
    <subfield code="d">2013-03-07</subfield>
    <subfield code="e">Presupuesto UNCo</subfield>
    <subfield code="g">0.00</subfield>
    <subfield code="l">95</subfield>
    <subfield code="m">14</subfield>
    <subfield code="o">616.0757 53 MOL</subfield>
    <subfield code="p">2750</subfield>
    <subfield code="r">2026-03-05</subfield>
    <subfield code="s">2025-11-27</subfield>
    <subfield code="t">Ej. 10</subfield>
    <subfield code="w">2013-03-07</subfield>
    <subfield code="y">BK</subfield>
    <subfield code="z">Presupuesto Unco</subfield>
  </datafield>
  <datafield tag="952" ind1=" " ind2=" ">
    <subfield code="0">0</subfield>
    <subfield code="1">0</subfield>
    <subfield code="2">ddc</subfield>
    <subfield code="4">0</subfield>
    <subfield code="7">0</subfield>
    <subfield code="8">NFIC</subfield>
    <subfield code="a">BFM</subfield>
    <subfield code="b">BFM</subfield>
    <subfield code="c">CR</subfield>
    <subfield code="d">2013-03-07</subfield>
    <subfield code="e">Presupuesto UNCo</subfield>
    <subfield code="g">0.00</subfield>
    <subfield code="l">124</subfield>
    <subfield code="m">25</subfield>
    <subfield code="o">616.0757 53 MOL</subfield>
    <subfield code="p">2751</subfield>
    <subfield code="q">2026-06-09</subfield>
    <subfield code="r">2026-06-02</subfield>
    <subfield code="s">2026-06-02</subfield>
    <subfield code="t">Ej. 11</subfield>
    <subfield code="w">2013-03-07</subfield>
    <subfield code="y">BK</subfield>
    <subfield code="z">Presupuesto Unco</subfield>
  </datafield>
  <datafield tag="952" ind1=" " ind2=" ">
    <subfield code="0">0</subfield>
    <subfield code="1">0</subfield>
    <subfield code="2">ddc</subfield>
    <subfield code="4">0</subfield>
    <subfield code="7">0</subfield>
    <subfield code="8">NFIC</subfield>
    <subfield code="a">BFM</subfield>
    <subfield code="b">BFM</subfield>
    <subfield code="c">CR</subfield>
    <subfield code="d">2013-03-07</subfield>
    <subfield code="e">Presupuesto UNCo</subfield>
    <subfield code="g">0.00</subfield>
    <subfield code="l">91</subfield>
    <subfield code="m">13</subfield>
    <subfield code="o">616.0757 53 MOL</subfield>
    <subfield code="p">2752</subfield>
    <subfield code="r">2025-12-22</subfield>
    <subfield code="s">2025-11-27</subfield>
    <subfield code="t">Ej. 12</subfield>
    <subfield code="w">2013-03-07</subfield>
    <subfield code="y">BK</subfield>
    <subfield code="z">Presupuesto Unco</subfield>
  </datafield>
  <datafield tag="952" ind1=" " ind2=" ">
    <subfield code="0">0</subfield>
    <subfield code="1">0</subfield>
    <subfield code="2">ddc</subfield>
    <subfield code="4">0</subfield>
    <subfield code="7">0</subfield>
    <subfield code="8">NFIC</subfield>
    <subfield code="a">BFM</subfield>
    <subfield code="b">BFM</subfield>
    <subfield code="c">CR</subfield>
    <subfield code="d">2013-03-07</subfield>
    <subfield code="e">Presupuesto UNCo</subfield>
    <subfield code="g">0.00</subfield>
    <subfield code="l">106</subfield>
    <subfield code="m">8</subfield>
    <subfield code="o">616.0757 53 MOL</subfield>
    <subfield code="p">2753</subfield>
    <subfield code="r">2025-08-06</subfield>
    <subfield code="s">2025-06-30</subfield>
    <subfield code="t">Ej. 13</subfield>
    <subfield code="w">2013-03-07</subfield>
    <subfield code="y">BK</subfield>
    <subfield code="z">Presupuesto Unco</subfield>
  </datafield>
  <datafield tag="952" ind1=" " ind2=" ">
    <subfield code="0">0</subfield>
    <subfield code="1">0</subfield>
    <subfield code="2">ddc</subfield>
    <subfield code="4">0</subfield>
    <subfield code="7">0</subfield>
    <subfield code="8">NFIC</subfield>
    <subfield code="a">BFM</subfield>
    <subfield code="b">BFM</subfield>
    <subfield code="c">CR</subfield>
    <subfield code="d">2013-03-12</subfield>
    <subfield code="e">Proyecto PROMED 2do a&#xF1;o</subfield>
    <subfield code="g">200.00</subfield>
    <subfield code="l">76</subfield>
    <subfield code="m">12</subfield>
    <subfield code="o">616.0757 53 MOL</subfield>
    <subfield code="p">2803</subfield>
    <subfield code="r">2025-09-19</subfield>
    <subfield code="s">2025-09-10</subfield>
    <subfield code="t">Ej. 14</subfield>
    <subfield code="w">2013-03-12</subfield>
    <subfield code="y">BK</subfield>
    <subfield code="z">Proyecto PROMED 2do A&#xF1;o</subfield>
  </datafield>
  <datafield tag="952" ind1=" " ind2=" ">
    <subfield code="0">0</subfield>
    <subfield code="1">0</subfield>
    <subfield code="2">ddc</subfield>
    <subfield code="4">0</subfield>
    <subfield code="7">0</subfield>
    <subfield code="8">NFIC</subfield>
    <subfield code="a">BFM</subfield>
    <subfield code="b">BFM</subfield>
    <subfield code="c">CR</subfield>
    <subfield code="d">2013-03-12</subfield>
    <subfield code="e">Proyecto PROMED 2do a&#xF1;o</subfield>
    <subfield code="g">200.00</subfield>
    <subfield code="l">122</subfield>
    <subfield code="m">18</subfield>
    <subfield code="o">616.0757 53 MOL</subfield>
    <subfield code="p">2804</subfield>
    <subfield code="q">2026-06-05</subfield>
    <subfield code="r">2026-05-28</subfield>
    <subfield code="s">2026-05-28</subfield>
    <subfield code="t">Ej. 15</subfield>
    <subfield code="w">2013-03-12</subfield>
    <subfield code="y">BK</subfield>
    <subfield code="z">Proyecto PROMED 2do A&#xF1;o</subfield>
  </datafield>
  <datafield tag="952" ind1=" " ind2=" ">
    <subfield code="0">0</subfield>
    <subfield code="1">0</subfield>
    <subfield code="2">ddc</subfield>
    <subfield code="4">0</subfield>
    <subfield code="7">0</subfield>
    <subfield code="8">NFIC</subfield>
    <subfield code="a">BFM</subfield>
    <subfield code="b">BFM</subfield>
    <subfield code="c">CR</subfield>
    <subfield code="d">2013-03-12</subfield>
    <subfield code="e">Proyecto PROMED 2do a&#xF1;o</subfield>
    <subfield code="g">200.00</subfield>
    <subfield code="l">118</subfield>
    <subfield code="m">15</subfield>
    <subfield code="o">616.0757 53 MOL</subfield>
    <subfield code="p">2805</subfield>
    <subfield code="r">2025-09-16</subfield>
    <subfield code="s">2025-09-09</subfield>
    <subfield code="t">Ej. 16</subfield>
    <subfield code="w">2013-03-12</subfield>
    <subfield code="y">BK</subfield>
    <subfield code="z">Proyecto PROMED 2do A&#xF1;o</subfield>
  </datafield>
  <datafield tag="952" ind1=" " ind2=" ">
    <subfield code="0">0</subfield>
    <subfield code="1">0</subfield>
    <subfield code="2">ddc</subfield>
    <subfield code="4">0</subfield>
    <subfield code="7">0</subfield>
    <subfield code="8">NFIC</subfield>
    <subfield code="a">BFM</subfield>
    <subfield code="b">BFM</subfield>
    <subfield code="c">CR</subfield>
    <subfield code="d">2013-03-12</subfield>
    <subfield code="e">Proyecto PROMED 2do a&#xF1;o</subfield>
    <subfield code="g">200.00</subfield>
    <subfield code="l">113</subfield>
    <subfield code="m">13</subfield>
    <subfield code="o">616.0757 53 MOL</subfield>
    <subfield code="p">2806</subfield>
    <subfield code="r">2025-07-03</subfield>
    <subfield code="s">2025-06-24</subfield>
    <subfield code="t">Ej. 17</subfield>
    <subfield code="w">2013-03-12</subfield>
    <subfield code="y">BK</subfield>
    <subfield code="z">Proyecto PROMED 2do A&#xF1;o</subfield>
  </datafield>
  <datafield tag="952" ind1=" " ind2=" ">
    <subfield code="0">0</subfield>
    <subfield code="1">0</subfield>
    <subfield code="2">ddc</subfield>
    <subfield code="4">0</subfield>
    <subfield code="7">0</subfield>
    <subfield code="8">NFIC</subfield>
    <subfield code="a">BFM</subfield>
    <subfield code="b">BFM</subfield>
    <subfield code="c">CR</subfield>
    <subfield code="d">2013-03-12</subfield>
    <subfield code="e">Proyecto PROMED 2do a&#xF1;o</subfield>
    <subfield code="g">200.00</subfield>
    <subfield code="l">118</subfield>
    <subfield code="m">10</subfield>
    <subfield code="o">616.0757 53 MOL</subfield>
    <subfield code="p">2807</subfield>
    <subfield code="q">2026-06-05</subfield>
    <subfield code="r">2026-05-28</subfield>
    <subfield code="s">2026-05-28</subfield>
    <subfield code="t">Ej. 18</subfield>
    <subfield code="w">2013-03-12</subfield>
    <subfield code="y">BK</subfield>
    <subfield code="z">Proyecto PROMED 2do A&#xF1;o</subfield>
  </datafield>
</record>
